| 000 | 00562nam a22001337a 4500 | ||
|---|---|---|---|
| 040 | _cRUA | ||
| 082 | _aAGR SAI 2015 B521 Or.1 | ||
| 100 | _aSAING CHANDOEURN; សាំង ច័ន្ទដឿន | ||
| 245 | _aComparison of interduced chinses radish varieties under dry season condition; ការប្រៀបធៀបពូជឆៃថាវនាំចេញនៅក្រោមលក្ខខណ្ឌរដូវប្រាំង | ||
| 260 |
_aPhnom penh _bRUA _c2015 |
||
| 300 |
_axiii; 39p; _bill; _c29cm; |
||
| 856 | _uSAING CHANDOEURN | ||
| 942 | _cAGR | ||
| 999 |
_c10716 _d10716 |
||